READINGS IN GLOBAL BUSINESS ENVIRONMENT (Record no. 5387)

MARC details
000 -LEADER
fixed length control field 00270nam a2200109Ia 4500
008 - FIXED-LENGTH DATA ELEMENTS--GENERAL INFORMATION
fixed length control field 240624s9999 xx 000 0 und d
041 ## - LANGUAGE CODE
Language code of text/sound track or separate title eng
082 ## - DEWEY DECIMAL CLASSIFICATION NUMBER
Classification number 658 GAJ
100 ## - MAIN ENTRY--PERSONAL NAME
Personal name GAJAVELLI V S
245 ## - TITLE STATEMENT
Title READINGS IN GLOBAL BUSINESS ENVIRONMENT
260 ## - PUBLICATION, DISTRIBUTION, ETC.
Date of publication, distribution, etc. 2005
Place of publication, distribution, etc. Nagpur
Name of publisher, distributor, etc. IMT
Holdings
Withdrawn status Lost status Damaged status Not for loan Home library Current library Shelving location Date acquired Full call number Barcode Date last seen Price effective from Koha item type
Store Books       IMTN IMTN Rack 22-B 06/12/2007 658 GAJ 5387 06/24/2024 06/24/2024 Books
Designed & Maintained by: LRC IMT Nagpur Contact: lrc@imtnag.ac.in© 2024. All Rights Reserved.